| LEADER | 00734cam a2200217 7i4500 | ||
|---|---|---|---|
| 001 | 0000033727 | ||
| 005 | 20160803090000.0 | ||
| 007 | ##ta | ||
| 008 | 160803s2016 -cn h eng | ||
| 022 | 0 | # | |a 23686073 |
| 040 | # | # | |a MATR |
| 090 | 0 | 0 | |a T 382.7 |b DEP (CAND) |
| 245 | 0 | 0 | |a Departmental Consolidation of the Customs Tariff 2016 Canada. |
| 264 | # | 1 | |a [place of publication not identified]: |b Canada Border Services Agency, |c 2016. |
| 300 | # | # | |a pages: |b illustrations; |c cm. |
| 336 | # | # | |a text |2 rdacontent |
| 337 | # | # | |a unmediated |2 rdamedia |
| 338 | # | # | |a volume |2 rdacarrier |
| 650 | # | 0 | |a Tariff -- |z Canada |
| 999 | |a 0000037814 |b Book |c Tariffs |e Business Information Centre | ||
| 999 | |a 0000037813 |b Book |c Tariffs |e Business Information Centre | ||